Промышленное применение эпоксидных лакокрасочных материалов

Bibliografiske detaljer
Hovedforfatter: Финкельштейн М. И. Марк Ицкович
Sprog:russisk
Udgivet: Ленинград, Химия, 1983
Udgivelse:2-е изд., перераб.
Fag:
Format: MixedMaterials Bog
KOHA link:https://koha.lib.tpu.ru/cgi-bin/koha/opac-detail.pl?biblionumber=114900

MARC

LEADER 00000nam0a2200000 4500
001 114900
005 20231031122408.0
020 |a RU  |b 83-25337 
035 |a (RuTPU)RU\TPU\book\124258 
090 |a 114900 
100 |a 20070428d1983 m y0rusy5003 ca 
101 0 |a rus 
102 |a RU 
105 |a y z 001zy 
200 1 |a Промышленное применение эпоксидных лакокрасочных материалов  |f М. И. Финкельштейн 
205 |a 2-е изд., перераб. 
210 |a Ленинград  |c Химия  |d 1983 
215 |a 121 с. 
320 |a Библиогр.: с. 119. 
610 1 |a эпоксидные лакокрасочные материалы 
610 1 |a применение 
610 1 |a компоненты 
610 1 |a виды 
610 1 |a техника безопасности 
675 |a 667  |v 3 
700 1 |a Финкельштейн  |b М. И.  |g Марк Ицкович  |4 070 
801 0 |a RU  |b RuMRKP  |c 19950704  |g psbo 
801 1 |a RU  |b 63413507  |c 20070428  |g PSBO 
801 2 |a RU  |b 63413507  |c 20080506  |g PSBO 
942 |c BK